1936-39: La participación socialista (Record no. 197230)
[ view plain ]
| 000 -LEADER | |
|---|---|
| campo de control de longitud fija | 03591nim a2200613 i 4500 |
| 001 - NÚMERO DE CONTROL | |
| campo de control | 197230 |
| 003 - IDENTIFICADOR DE NÚMERO DE CONTROL | |
| campo de control | ES-MaACL |
| 005 - FECHA Y HORA DE LA ÚLTIMA TRANSACCIÓN | |
| campo de control | 20251015162614.0 |
| 007 - CAMPO FIJO DE DESCRIPCIÓN FÍSICA--INFORMACIÓN GENERAL | |
| campo de control de longitud fija | ss zsnzzbimuez |
| 008 - DATOS DE LONGITUD FIJA--INFORMACIÓN GENERAL | |
| campo de control de longitud fija | 250430s1990 sp n || c spa |
| 035 ## - NÚMERO DE CONTROL DEL SISTEMA | |
| Número de control de sistema | (SpMaBN)a3300835 |
| 035 ## - NÚMERO DE CONTROL DEL SISTEMA | |
| Número de control de sistema | (OCoLC)431050857 |
| 040 ## - FUENTE DE CATALOGACIÓN | |
| Centro catalogador/agencia de origen | SpMaBN |
| Lengua de catalogación | spa |
| Centro/agencia transcriptor | SpMaBN |
| Normas de descripción | rdc |
| 245 00 - MENCIÓN DEL TÍTULO | |
| Título | 1936-39: La participación socialista |
| Medio | [Grabación sonora] : |
| Resto del título | Agrupación Socialista Madrileña |
| 260 ## - PUBLICACIÓN, DISTRIBUCIÓN, ETC. | |
| Lugar de publicación, distribución, etc. | Madrid : |
| Nombre del editor, distribuidor, etc. | Ateneo de Madrid, |
| Fecha de publicación, distribución, etc. | 1990 |
| 300 ## - DESCRIPCIÓN FÍSICA | |
| Extensión | 5 casetes (ca. 450 min) : |
| Otras características físicas | son. ; |
| Dimensiones | 11 cm. + |
| Material acompañante/anejo | 1 programa de mano |
| 490 1# - MENCIÓN DE SERIE | |
| Materiales especificados | Actos culturales en el Ateneo de Madrid. |
| 505 0# - NOTA DE CONTENIDO CON FORMATO | |
| Nota de contenido con formato | Cinta 1. Día 27. Inauguración de las Jornadas / intervienen: José Prat, presidente del Ateneo de Madrid; Enrique Moral, secretario de la Fundación P. Iglesias; José Acosta, presidente de la Federación Socialista Madrileña y Belén Lara, secretaria general de la A.S.U. – Cinta 2. Día 1, Mesa de testimonio / intervienen: Antonio Beltrán, presidente de Fraternidad Militar Democrática Republicana; Roberto Arce (F.M.D.R.), un representante de UNEX; modera: José Angel Isla. – Cinta 3-4. Conferencia-coloquio / intervienen: Gabriel Jackson, Julián Casanova y Carmen García Bloise ; modera: María Ruipérez, Fundación largo Caballero. – Cinta 5. Día 2. Sesión de clausura / intervienen: Ramón Rubial, presidente del PSOE; Joaquín Leguina, presidente de C.A.M; Manuel Fernández Moriche, vicesecretario general de A.S.U. y coordinador de las jornadas. |
| 518 ## - NOTA DE FECHA/HORA Y LUGAR DE UN ACONTECIMIENTO | |
| Nota de fecha/hora y lugar de un acontecimiento | Grabado el 27 de febrero y 1-2 de marzo en el Ateneo de Madrid. |
| 520 ## - RESUMEN, ETC. | |
| Sumario, etc. | Recoge las ponencias y testimonios sobre el papel que tuvo el Partido Socialista Obrero Español en la guerra civil española. Colaboran : Comisión Ejecutiva Federal PSOE, Federación Socialista Madrileña, Fundación Largo Caballero y Fundación Pablo Iglesias. |
| 540 ## - NOTA DE CONDICIONES DE USO Y REPRODUCCIÓN | |
| Condiciones de uso y reproducción | Documento inédito. |
| 594 ## - Nota al título y mención de responsabilidad | |
| a | Datos basados en el programa de las jornadas. |
| 610 20 - PUNTO DE ACCESO ADICIONAL DE MATERIA--NOMBRE DE ENTIDAD CORPORATIVA | |
| Nombre de entidad corporativa o nombre de jurisdicción como elemento de entrada | Ateneo de Madrid- |
| Subdivisión general | Actos culturales- |
| Subdivisión cronológica | 1990- |
| Subdivisión de forma | Grabaciones sonoras |
| 9 (RLIN) | 240083 |
| 650 #0 - PUNTO DE ACCESO ADICIONAL DE MATERIA--TÉRMINO DE MATERIA | |
| Término de materia o nombre geográfico como elemento de entrada | Partidos socialistas- |
| Subdivisión general | Clasificación |
| Subdivisión de forma | Congresos y asambleas |
| Subdivisión geográfica | España |
| 9 (RLIN) | 240334 |
| 653 ## - TÉRMINO DE INDIZACIÓN--NO CONTROLADO | |
| Término no controlado | Archivo de la palabra |
| 655 #0 - TERMINO DE INDIZACIÓN--GENERO/FORMA | |
| Datos o término principal de género/forma | Conferencias |
| 9 (RLIN) | 234444 |
| 700 1# - ENTRADA AGREGADA--NOMBRE PERSONAL | |
| 9 (RLIN) | 93665 |
| Nombre de persona | Prat, José, |
| Fechas asociadas al nombre | 1905-1994 |
| Término indicativo de función/relación | Orador |
| 700 2# - ENTRADA AGREGADA--NOMBRE PERSONAL | |
| 9 (RLIN) | 127931 |
| Nombre de persona | Herrero y Moral, Enrique |
| Término indicativo de función/relación | Orador |
| 700 ## - ENTRADA AGREGADA--NOMBRE PERSONAL | |
| Nombre de persona | Acosta Cubero, José, |
| Fechas asociadas al nombre | 1947- |
| Término indicativo de función/relación | Orador |
| 9 (RLIN) | 240160 |
| 700 ## - ENTRADA AGREGADA--NOMBRE PERSONAL | |
| 9 (RLIN) | 240161 |
| Nombre de persona | Lara Martínez, Belén |
| Término indicativo de función/relación | Orador |
| 700 1# - ENTRADA AGREGADA--NOMBRE PERSONAL | |
| Nombre de persona | Beltrán, Antonio, |
| Fechas asociadas al nombre | 1916-2006 |
| Término indicativo de función/relación | Orador |
| 9 (RLIN) | 27333 |
| 700 1# - ENTRADA AGREGADA--NOMBRE PERSONAL | |
| 9 (RLIN) | 240167 |
| Nombre de persona | Arce, Roberto |
| Término indicativo de función/relación | Orador |
| 700 ## - ENTRADA AGREGADA--NOMBRE PERSONAL | |
| 9 (RLIN) | 240168 |
| Nombre de persona | Isla, José Ángel |
| Término indicativo de función/relación | Orador |
| 700 1# - ENTRADA AGREGADA--NOMBRE PERSONAL | |
| 9 (RLIN) | 65809 |
| Nombre de persona | Jackson, Gabriel, |
| Término indicativo de función/relación | Orador |
| Fechas asociadas al nombre | 1921-2019 |
| 700 1# - ENTRADA AGREGADA--NOMBRE PERSONAL | |
| 9 (RLIN) | 36101 |
| Nombre de persona | Casanova, Julián |
| Término indicativo de función/relación | Orador |
| 700 0# - ENTRADA AGREGADA--NOMBRE PERSONAL | |
| 9 (RLIN) | 100580 |
| Nombre de persona | Ruipérez, María |
| Término indicativo de función/relación | Orador |
| 700 1# - ENTRADA AGREGADA--NOMBRE PERSONAL | |
| 9 (RLIN) | 139660 |
| Nombre de persona | Rubial, Ramón |
| Término indicativo de función/relación | Orador |
| 700 0# - ENTRADA AGREGADA--NOMBRE PERSONAL | |
| 9 (RLIN) | 71313 |
| Nombre de persona | Leguina, Joaquín |
| Término indicativo de función/relación | Orador |
| 700 1# - ENTRADA AGREGADA--NOMBRE PERSONAL | |
| 9 (RLIN) | 240169 |
| Nombre de persona | Fernández Moriche, Manuel |
| Término indicativo de función/relación | Orador |
| 710 2# - ENTRADA AGREGADA--NOMBRE DE ENTIDAD CORPORATIVA | |
| Nombre de entidad corporativa o nombre de jurisdicción como elemento de entrada | Ateneo de Madrid |
| 9 (RLIN) | 1875 |
| Término indicativo de función/relación | Sede |
| 710 1# - ENTRADA AGREGADA--NOMBRE DE ENTIDAD CORPORATIVA | |
| Nombre de entidad corporativa o nombre de jurisdicción como elemento de entrada | Federación Socialista Madrileña |
| 9 (RLIN) | 240170 |
| Término indicativo de función/relación | Colaborador |
| 710 1# - ENTRADA AGREGADA--NOMBRE DE ENTIDAD CORPORATIVA | |
| Nombre de entidad corporativa o nombre de jurisdicción como elemento de entrada | Comisión Ejecutiva Federal PSOE |
| 9 (RLIN) | 240171 |
| Término indicativo de función/relación | Colaborador |
| 710 2# - ENTRADA AGREGADA--NOMBRE DE ENTIDAD CORPORATIVA | |
| Nombre de entidad corporativa o nombre de jurisdicción como elemento de entrada | Fundación Largo Caballero |
| 9 (RLIN) | 4355 |
| Término indicativo de función/relación | Colaborador |
| 710 2# - ENTRADA AGREGADA--NOMBRE DE ENTIDAD CORPORATIVA | |
| Nombre de entidad corporativa o nombre de jurisdicción como elemento de entrada | Fundación Pablo Iglesias |
| Término indicativo de función/relación | Colaborador |
| 9 (RLIN) | 4374 |
| 830 #0 - PUNTO DE ACCESO ADICIONAL DE SERIE-TÍTULO UNIFORME | |
| Título uniforme | Actos culturales en el Ateneo de Madrid |
| 9 (RLIN) | 240237 |
| 852 ## - LOCALIZACIÓN | |
| Ubicación | ES-MaACL |
| Ubicación en estantería | Depósito Z |
| Designación de la unidad física | Cinta 1 |
| itemnumber | 205140 |
| 852 ## - LOCALIZACIÓN | |
| Ubicación | ES-MaACL |
| Ubicación en estantería | Depósito Z |
| Designación de la unidad física | Cinta 2 |
| itemnumber | 205147 |
| 852 ## - LOCALIZACIÓN | |
| Ubicación | ES-MaACL |
| Ubicación en estantería | Depósito Z |
| Designación de la unidad física | Cinta 3 |
| itemnumber | 205148 |
| 852 ## - LOCALIZACIÓN | |
| Ubicación | ES-MaACL |
| Ubicación en estantería | Depósito Z |
| Designación de la unidad física | Cinta 4 |
| itemnumber | 205149 |
| 852 ## - LOCALIZACIÓN | |
| Ubicación | ES-MaACL |
| Ubicación en estantería | Depósito Z |
| Designación de la unidad física | Cinta 5 |
| itemnumber | 205150 |
| 942 ## - ELEMENTOS DE ENTRADA SECUNDARIOS (KOHA) | |
| Fuente del sistema de clasificación o colocación | Clasificación decimal universal |
| Tipo de ítem Koha | Casete |
| Suprimir en OPAC | No |
| Estatus retirado | Estado de pérdida | Fuente del sistema de clasificación o colocación | Especificación de materiales (volumen encuadernado u otra parte) | Estado de daño | No para préstamo | Colección | Biblioteca de origen | Biblioteca actual | Ubicación en estantería | Fecha de adquisición | Total de préstamos | Signatura topográfica completa | Código de barras | Visto por última vez | Precio de reemplazo | Tipo de ítem Koha |
|---|---|---|---|---|---|---|---|---|---|---|---|---|---|---|---|---|
| Clasificación decimal universal | Cinta 1 | Archivo de la palabra | Biblioteca del Ateneo de Madrid | Biblioteca del Ateneo de Madrid | Depósito Z | 30/04/2025 | AP/935 | 2025-0049 | 30/04/2025 | 30/04/2025 | Casete | |||||
| Clasificación decimal universal | Cinta 2 | Archivo de la palabra | Biblioteca del Ateneo de Madrid | Biblioteca del Ateneo de Madrid | Depósito Z | 30/04/2025 | AP/956 | 2025-0055 | 30/04/2025 | 30/04/2025 | Casete | |||||
| Clasificación decimal universal | Cinta 3 | Archivo de la palabra | Biblioteca del Ateneo de Madrid | Biblioteca del Ateneo de Madrid | Depósito Z | 30/04/2025 | AP/957 | 2025-0056 | 30/04/2025 | 30/04/2025 | Casete | |||||
| Clasificación decimal universal | Cinta 4 | Archivo de la palabra | Biblioteca del Ateneo de Madrid | Biblioteca del Ateneo de Madrid | Depósito Z | 30/04/2025 | AP/958 | 2025-0057 | 30/04/2025 | 30/04/2025 | Casete | |||||
| Clasificación decimal universal | Cinta 5 | Archivo de la palabra | Biblioteca del Ateneo de Madrid | Biblioteca del Ateneo de Madrid | Depósito Z | 30/04/2025 | AP/959 | 2025-0058 | 30/04/2025 | 30/04/2025 | Casete |
